000 00255nam a2200109Ia 4500
008 180205s9999 xx 000 0 und d
020 _a425147584
100 _aClancy, Tom
245 _aDebt of honor /
260 _aUSA :
_bUSA
_c1995
300 _a990 pages
999 _c354960
_d354960